000
00200 a2200097 4500
001
43804
100
_a
Cooper
245
_a
The grammar of living
260
_a
_b
Allen lane
_c
090
_c
27567
_d
27567
942
_a
NUST-CAE
_c
M
_c
19521
999
_c
278877
_d
278877